000 01103namaa2200313 i 4500
003 EG-GICUC
005 20260303093521.0
008 260303s2007 le |||jr|||| 000 0 ara d
020 _a9953476861
040 _aEG-GiCUC
_bara
_cEG-GiCUC
_dEG-GiCUC
_erda
082 0 4 _221
_a291.34
_bS1288
092 0 4 _221
_a291.34
_bS1288
099 _a291.34 S1288
100 1 _aالسعفى، وحيد
_eمؤلف.
245 1 2 _aالقربان فى الجاهلية والإسلام /
_cوحيد السعفى.
250 _aالطبعة الاولى
264 _aبيروت (لبنان) :
_bمؤسسة الانتشار العربى،
_c2007.
300 _a256 صفحة ؛
_c24 سم
336 _2rdacontent
_atext
337 _2rdamedia
_aUnmediated
338 _2rdacarrier
_avolume
504 _aيشتمل على ارجاعات ببليوجرافية.
541 _aد. جابر عصفور ؛
_bالقاهرة ؛
_cإهداء ؛
_d2024.
650 1 7 _aالقرابيين المقدسة
_2qrmak
650 1 4 _aالقرابين
_xالاسلام
651 1 _2qrmak
905 _aAya
942 _2ddc
_cBK
_e21
_n0
999 _c178812
_d178812